<?xml version="1.0" encoding="UTF-8"?>
<collection xmlns="http://www.loc.gov/MARC21/slim">
 <record>
  <leader>00465nam a22001575a 4500</leader>
  <controlfield tag="001">EHU.bham006708</controlfield>
  <controlfield tag="003">AR-BHAM</controlfield>
  <controlfield tag="005">20090702142239.0</controlfield>
  <controlfield tag="008">130507s1990##################000#0#####d</controlfield>
  <datafield tag="082" ind1="8" ind2="0">
   <subfield code="a">801</subfield>
  </datafield>
  <datafield tag="100" ind1="1" ind2=" ">
   <subfield code="a">Holquist, Michael</subfield>
  </datafield>
  <datafield tag="245" ind1="1" ind2="0">
   <subfield code="a">Dialogism :</subfield>
   <subfield code="b">bakhatin and his world /</subfield>
   <subfield code="c">Michael Holquist.</subfield>
  </datafield>
  <datafield tag="260" ind1=" " ind2=" ">
   <subfield code="a">London :</subfield>
   <subfield code="b">Routledge,</subfield>
   <subfield code="c">1990</subfield>
  </datafield>
  <datafield tag="300" ind1=" " ind2=" ">
   <subfield code="a">204 p.</subfield>
  </datafield>
  <datafield tag="653" ind1=" " ind2=" ">
   <subfield code="a">Literatura-teoria de la</subfield>
  </datafield>
  <datafield tag="859" ind1=" " ind2=" ">
   <subfield code="a">AR-BHAM</subfield>
   <subfield code="b">BIB. HUMANIDADES - General</subfield>
   <subfield code="h">801</subfield>
   <subfield code="i">H718</subfield>
   <subfield code="p">297.93</subfield>
   <subfield code="t">Ej.1</subfield>
  </datafield>
 </record>
</collection>
